000 01496nam0a2200349 4500
001 RU\NLR\bibl\1665000
005 20250616042428.0
010 _a978-5-91723-018-4
_91000
021 _aRU
_b2010-54315
_93570
035 _a(NLR Aleph) 001656276
090 _a953249
_c953249
100 _a20100818d2010 |||y0rusy50 ca
101 0 _arus
102 _aRU
105 _ac |||||||||
200 1 _aГлавный маршал авиации Александр Голованов, 1904-1975
_fВиктор Карпенко
210 _aНижний Новгород
_cБИКАР
_d2010
215 _a46, [1] с.
_cпортр.
_d21
225 1 _aИстория Нижегородского края в биографиях
_eXX век
225 1 _aБиблиотека для юношества
320 _aБиблиогр. в конце кн. и в подстроч. прим.
600 1 _aГолованов
_bА.Е.
_f1904 - 1975
_gАлександр Евгеньевич
_jИздания для детей
_92187596
_3RU\NLR\auth\661315207
686 _aШ9
_bЦ
700 1 _4070
_7ca
_8rus
_aКарпенко
_bВ. Ф.
_cписатель
_f1951-
_gВиктор Федорович
_9158862
_3RU\NLR\AUTH\770158903
702 1 _aГолованов
_bА. Е.
_f1904-1975
_gАлександр Евгеньевич
_4570
801 0 _aRU
_bNLR
_c20100818
_gRCR
801 1 _aRU
_bNLR
_c20100818
830 _aавт. по кн.
942 _cBOOK
980 _aNB